[Event "FICGS rapid B 000137 email"]
[Site "FICGS email"]
[Date "2010.01.08"]
[Round "1"]
[White "Nookala, Kamesh"]
[Black "Axon, Alexander"]
[Result "1-0"]
[WhiteElo "1783"]
[BlackElo "1800"]
[PlyCount "63"]
[EventDate "2010.??.??"]
[EventType "tourn (rapid)"]
[EventRounds "6"]
[SourceTitle "Corr 2013"]
[Source "ChessBase"]
[SourceDate "2012.11.12"]
[SourceVersion "1"]
[SourceVersionDate "2012.11.12"]
[SourceQuality "1"]

1. e4 c5 2. Nf3 d6 3. d4 cxd4 4. Nxd4 Nf6 5. Nc3 Nc6 6. Bg5 Bd7 7. Qd2 Rc8 8. f4 Nxd4 9. Qxd4 Qa5 10. e5 dxe5 11. fxe5 e6 12. 0-0-0 Bc6 13. Nb5 Bxb5 14. exf6 Bc6 15. h4 g6 16. Bc4 Bc5 17. Qg4 h5 18. Qg3 Be4 19. Rhe1 Bf5 20. Rd5 Qb6 21. Rxf5 gxf5 22. Bb3 Qb4 23. Bf4 Rc6 24. Bd2 Qb6 25. Rd1 Bd6 26. Qg7 Rf8 27. Ba4 Qf2 28. Bh6 Bf4+ 29. Bxf4 Qxf4+ 30. Kb1 Qc7 31. a3 a6 32. Bxc6+ 1-0

[Event "FICGS rapid B 000137 email"]
[Site "FICGS email"]
[Date "2010.01.08"]
[Round "1"]
[White "Wilson, Norman C"]
[Black "Nookala, Kamesh"]
[Result "0-1"]
[WhiteElo "1714"]
[BlackElo "1783"]
[PlyCount "72"]
[EventDate "2010.??.??"]
[EventType "tourn (rapid)"]
[EventRounds "6"]
[SourceTitle "Corr 2013"]
[Source "ChessBase"]
[SourceDate "2012.11.12"]
[SourceVersion "1"]
[SourceVersionDate "2012.11.12"]
[SourceQuality "1"]

1. e4 c5 2. Nf3 d6 3. Bb5+ Bd7 4. Bxd7+ Qxd7 5. 0-0 Nc6 6. c3 Nf6 7. Re1 e6 8. d3 Be7 9. Nbd2 0-0 10. Nf1 h6 11. h3 d5 12. e5 Nh7 13. Ng3 Rfb8 14. Nh5 Nf8 15. Bf4 Ng6 16. Qd2 Qd8 17. Red1 d4 18. c4 b5 19. cxb5 Rxb5 20. b3 a5 21. Qc2 a4 22. bxa4 Rba5 23. Rdb1 Rxa4 24. a3 Rxa3 25. Rxa3 Rxa3 26. Rb3 Nb4 27. Qb1 Qa8 28. Rxa3 Qxa3 29. Ne1 Bg5 30. g3 Bxf4 31. gxf4 Qc3 32. Qd1 Nd5 33. Ng2 c4 34. dxc4 Qxc4 35. f5 exf5 36. e6 fxe6 0-1

[Event "FICGS rapid B 000136 email"]
[Site "FICGS email"]
[Date "2010.01.05"]
[Round "1"]
[White "Payzansky, Aleksey"]
[Black "Nookala, Kamesh"]
[Result "1/2-1/2"]
[WhiteElo "1799"]
[BlackElo "1783"]
[PlyCount "46"]
[EventDate "2010.??.??"]
[EventType "tourn (rapid)"]
[EventRounds "5"]
[SourceTitle "Corr 2013"]
[Source "ChessBase"]
[SourceDate "2012.11.12"]
[SourceVersion "1"]
[SourceVersionDate "2012.11.12"]
[SourceQuality "1"]

1. e4 c6 2. d4 d5 3. Nc3 dxe4 4. Nxe4 Nd7 5. Bc4 Nb6 6. Bb3 Nf6 7. Qd3 g6 8. Nxf6+ exf6 9. Ne2 Bf5 10. Qe3+ Be7 11. Ng3 Bd7 12. 0-0 0-0 13. Re1 Re8 14. Qf3 f5 15. c3 Bf6 16. Bf4 Be6 17. Bxe6 Rxe6 18. Rxe6 fxe6 19. Qe2 Qd5 20. b3 Kf7 21. Rd1 Qa5 22. c4 Rd8 23. Re1 Re8 1/2-1/2

[Event "FICGS rapid B 000135 email"]
[Site "FICGS email"]
[Date "2010.01.01"]
[Round "1"]
[White "Nookala, Kamesh"]
[Black "Leclerc, Luc Olivier"]
[Result "1-0"]
[WhiteElo "1783"]
[BlackElo "1800"]
[PlyCount "43"]
[EventDate "2010.??.??"]
[EventType "tourn (rapid)"]
[EventRounds "6"]
[SourceTitle "Corr 2013"]
[Source "ChessBase"]
[SourceDate "2012.11.12"]
[SourceVersion "1"]
[SourceVersionDate "2012.11.12"]
[SourceQuality "1"]

1. e4 c6 2. c3 d5 3. e5 c5 4. d4 Nc6 5. Be2 Qb6 6. dxc5 Qxc5 7. b4 Qb6 8. Qxd5 e6 9. Qe4 f5 10. Qf4 Nge7 11. Nf3 Ng6 12. Qg3 Qc7 13. Na3 a6 14. Nc4 Be7 15. Be3 0-0 16. Bb6 Qb8 17. Bd3 Bd8 18. 0-0 Bxb6 19. Nxb6 Ra7 20. Bc4 Ncxe5 21. Ng5 Re8 22. Rae1 1-0

[Event "FICGS rapid B 000135 email"]
[Site "FICGS email"]
[Date "2010.01.01"]
[Round "1"]
[White "Nookala, Kamesh"]
[Black "Prie, Eric"]
[Result "1-0"]
[WhiteElo "1783"]
[BlackElo "1726"]
[PlyCount "53"]
[EventDate "2010.??.??"]
[EventType "tourn (rapid)"]
[EventRounds "6"]
[SourceTitle "Corr 2013"]
[Source "ChessBase"]
[SourceDate "2012.11.12"]
[SourceVersion "1"]
[SourceVersionDate "2012.11.12"]
[SourceQuality "1"]

1. e4 e5 2. Nf3 Nc6 3. Bb5 a6 4. Ba4 Nf6 5. 0-0 Nxe4 6. d4 b5 7. Bb3 d5 8. dxe5 Be6 9. Nbd2 Nc5 10. c3 d4 11. Bxe6 Nxe6 12. cxd4 Ncxd4 13. a4 Be7 14. Nxd4 Qxd4 15. axb5 Qxe5 16. bxa6 0-0 17. Qa4 Nc5 18. Qc4 Bd6 19. Nf3 Qe6 20. Qxe6 fxe6 21. a7 Nb3 22. Ra6 Rf5 23. Be3 Nc5 24. Ra3 Nd7 25. Rb3 Ra5 26. Rb7 Nc5 27. Rb8+ 1-0

[Event "FICGS rapid B 000135 email"]
[Site "FICGS email"]
[Date "2010.01.01"]
[Round "1"]
[White "Sternik, Ryszard"]
[Black "Nookala, Kamesh"]
[Result "0-1"]
[WhiteElo "1879"]
[BlackElo "1783"]
[PlyCount "88"]
[EventDate "2010.??.??"]
[EventType "tourn (rapid)"]
[EventRounds "6"]
[SourceTitle "Corr 2013"]
[Source "ChessBase"]
[SourceDate "2012.11.12"]
[SourceVersion "1"]
[SourceVersionDate "2012.11.12"]
[SourceQuality "1"]

1. e4 c5 2. Nf3 d6 3. d4 cxd4 4. Nxd4 Nf6 5. Nc3 a6 6. Be3 e5 7. Nb3 Be6 8. f3 Be7 9. Qd2 0-0 10. 0-0-0 Nbd7 11. g4 b5 12. g5 b4 13. Ne2 Ne8 14. Kb1 a5 15. Nbc1 Nb6 16. Ng3 d5 17. f4 exf4 18. Bxf4 dxe4 19. Qe1 Nd5 20. Nxe4 a4 21. Bg2 Qb6 22. Be5 b3 23. cxb3 axb3 24. a3 Ne3 25. Qg1 Ra6 26. Bf1 Qc6 27. Qxe3 Qc2+ 28. Ka1 Rxa3+ 29. bxa3 Bxa3 30. Nxb3 Qxd1+ 31. Ka2 Bd6 32. Qd3 Qxd3 33. Bxd3 Bxe5 34. Nec5 Nc7 35. Re1 Ra8+ 36. Kb1 Bd6 37. Nxe6 Nxe6 38. h4 Ra4 39. Bf5 Bg3 40. Re3 Bxh4 41. g6 hxg6 42. Bxe6 fxe6 43. Rxe6 g5 44. Kc2 g4 0-1

[Event "FICGS rapid B 000132 email"]
[Site "FICGS email"]
[Date "2009.11.27"]
[Round "1"]
[White "Pages, Jeremy"]
[Black "Nookala, Kamesh"]
[Result "0-1"]
[WhiteElo "1800"]
[BlackElo "1700"]
[PlyCount "40"]
[EventDate "2009.??.??"]
[EventType "tourn (rapid)"]
[EventRounds "6"]
[SourceTitle "Corr 2022"]
[Source "ChessBase"]
[SourceDate "2021.10.24"]
[SourceVersion "1"]
[SourceVersionDate "2021.10.24"]
[SourceQuality "1"]

1. e4 c5 2. c3 Nf6 3. e5 Nd5 4. d4 cxd4 5. cxd4 d6 6. Nf3 Nc6 7. Bc4 e6 8. 0-0 Be7 9. Re1 0-0 10. Be3 Nxe3 11. fxe3 dxe5 12. dxe5 Qa5 13. Nc3 Nxe5 14. Nxe5 Qxe5 15. Qf3 Rb8 16. Rad1 b5 17. Bb3 b4 18. Na4 Bb7 19. Qe2 Bd6 20. g3 Qe4 0-1